The Voice (UK) Coaches - Statistics

General Stats
  • This quiz has been taken 21 times
  • The average score is 10 of 17
Answer Stats
Coaches Years % Correct
Will.i.am 2012 - Present
94%
Sir Tom Jones 2012 - 2015, 2017 - Present
89%
Jessie J 2012 - 2013
83%
Jennifer Hudson 2017 - 2019
78%
Meghan Trainor 2020
72%
Olly Murs 2018 - 2023
67%
Anne-Marie 2021 - 2023
61%
Rita Ora 2015
61%
Danny O'Donoghue 2012 - 2013
50%
Kylie Minogue 2014
50%
Paloma Faith 2016
50%
Boy George 2016
44%
Danny Jones 2024 - Present
44%
Tom Fletcher 2024 - Present
44%
LeAnn Rimes 2024 - Present
39%
Gavin Rossdale 2017
33%
Ricky Wilson 2014 - 2016
33%
No matching quizzes found
Score Distribution
Percent of People with Each Score
Percentile by Number Answered
Your Score History
You have not taken this quiz